The establishment of the Balkan national states, 1804-1920

Saved in:
Bibliographic Details
Main Author: Jelavich, Charles
Other Authors: Jelavich, Barbara, 1923-1995
Format: Book
Language:English
Published: Washington : University of Washington Press, 1993
Series:History of East Central Europe ; ; 8
Subjects:
Tags: Add Tag
No Tags, Be the first to tag this record!

MARC

LEADER 00000nam a2200000 i 4500
001 1/4056
008 960503s1993 eng d
020 |a 0-295-96413-8 
035 |l 10015441 
040 |a GR-MY-UA  |b gre  |e aacr 
041 0 |a eng 
082 0 |a 949.6 
100 1 |a Jelavich, Charles. 
245 1 4 |a The establishment of the Balkan national states, 1804-1920 /  |c Charles and Barbara Jelavich 
260 |a Washington :   |b University of Washington Press,   |c 1993 
300 |a 358 p.  |b maps 
490 1 |a History of East Central Europe  |v ; 8 
504 |a Includes index 
650 0 0 |a Eastern question (Balkan) 
651 0 |a Balkan Peninsula  |x Politics and government. 
700 1 |a Jelavich, Barbara,   |d 1923-1995. 
830 0 |a History of East Central Europe ;  |v ; 8 
852 |a INST  |b LESVOS  |e 19960503  |h 949.6 JEL  |p 005100010385  |q 005100010385  |t BK  |y 0 
909 |a Λ  |b 044959